Vector analysis with applications (Record no. 5838)

000 -LEADER
fixed length control field 00528nam a22002051 4500
001 - CONTROL NUMBER
control field 5838
003 - CONTROL NUMBER IDENTIFIER
control field BD-DhUET
008 - FIXED-LENGTH DATA ELEMENTS--GENERAL INFORMATION
fixed length control field 861017s1932 enka 000 0 eng c
020 ## - INTERNATIONAL STANDARD BOOK NUMBER
International Standard Book Number 8122405487
040 ## - CATALOGING SOURCE
Original cataloging agency DLC/ICU
Transcribing agency CGU
Modifying agency BD-DhUET
082 0# - DEWEY DECIMAL CLASSIFICATION NUMBER
Classification number 516.83
Item number ALI/1993
100 ## - MAIN ENTRY--PERSONAL NAME
Personal name Ali Ashraf, Md.
245 10 - TITLE STATEMENT
Title Vector analysis with applications
250 ## - EDITION STATEMENT
Edition statement 3rd ed.
260 ## - PUBLICATION, DISTRIBUTION, ETC. (IMPRINT)
Place of publication, distribution, etc. New Delhi
Name of publisher, distributor, etc. Wiley Eastern
Date of publication, distribution, etc. 1993
300 ## - PHYSICAL DESCRIPTION
Extent xv,308p.
Other physical details ill.
Dimensions 23 cm.
504 ## - BIBLIOGRAPHY, ETC. NOTE
Bibliography, etc Includes bibliographies
650 #0 - SUBJECT ADDED ENTRY--TOPICAL TERM
Topical term or geographic name as entry element Vector analysis
942 ## - ADDED ENTRY ELEMENTS (KOHA)
Koha item type General Book
Holdings
Damaged status Lost status Date acquired Koha normalized classification for sorting Withdrawn status Location (home branch) Shelving location Koha out on loan Source of classification or shelving scheme Koha item type Koha date last borrowed Koha renewals Koha full call number Piece designation (barcode) Koha date last seen Copy number Price effective from Koha issues (times borrowed) Not for loan Sublocation or collection (holding branch)
  2014-11-29516_830000000000000_ALI_1993 Central Library, BUETCirculation section2022-12-27 General Book2022-12-13 516.83/ALI/1993875312022-12-1382014-11-293 Central Library, BUET
  2014-12-21516_830000000000000_ALI_1998 Central Library, BUETCirculation section  General Book2025-04-291516.83/ALI/1998875282025-05-1322014-12-2113 Central Library, BUET
  2015-01-27516_830000000000000_ALI_1998 Central Library, BUETCirculation section  General Book  516.83/ALI/1998875302016-04-0232015-01-27  Central Library, BUET
  2015-01-31516_830000000000000_ALI_1998 Central Library, BUETCirculation section  General Book2022-12-13 516.83/ALI/1998487832025-11-3042015-01-316 Central Library, BUET
  2015-02-11516_830000000000000_ALI_1998 Central Library, BUETCirculation section  General Book2020-01-05 516.83/ALI/1998941022020-11-0312015-02-115 Central Library, BUET
  2015-04-11516_830000000000000_ALI_1993 Central Library, BUETCirculation section  General Book2024-04-02 516.83/ALI/1993875252025-11-1872015-04-118 Central Library, BUET
  2015-04-23516_830000000000000_ALI_1993 Central Library, BUETCirculation section  General Book2023-09-27 516.83/ALI/1993875262025-11-2962015-04-236 Central Library, BUET
  2015-05-03516_830000000000000_ALI_1993 Central Library, BUETCirculation section  General Book2022-03-30 516.83/ALI/1993875292022-05-2572015-05-032 Central Library, BUET
  2015-06-07516_830000000000000_ALI_1993 Central Library, BUETReading section  Reading Item  516.83/ALI/1993875502015-06-0792015-06-07  Central Library, BUET
  2015-06-07516_830000000000000_ALI_1993 Central Library, BUETReading section  Reading Item  516.83/ALI/1993923742015-06-07102015-06-07  Central Library, BUET
  2015-06-08516_830000000000000_ALI_1993 Central Library, BUETReading section  Reading Item  516.83/ALI/1993941002015-06-08122015-06-08  Central Library, BUET
  2015-06-14516_830000000000000_ALI_1993 Central Library, BUETReading section  Reading Item  516.83/ALI/1993875512015-06-14132015-06-14  Central Library, BUET
  2015-09-02516_830000000000000_ALI_1993 Central Library, BUETCirculation section  General Book  516.83/ALI/1993875272017-03-04142015-09-02  Central Library, BUET